Départements français les plus touchés par la criminalité - Statistiques

Statistiques générales
  • Ce quiz a été pris 281 fois
  • Le résultat moyen est 10 sur 15
Statistiques - réponses
Habitants touchés Départements % Correct
34 057 (15,76%) Paris (75)
92%
33 594 (20,31%) Seine-Saint-Denis (93)
89%
30 281 (14,88%) Bouches-du-Rhône (13)
78%
4 269 (9,19%) Rhône (69)
76%
25 272 (9,75%) Nord (59)
75%
11 585 (8,81%) Essonne (91)
73%
15 178 (10,09%) Val-de-Marne (94)
73%
15 040 (12,09%) Val-d’Oise (95)
70%
12 528(8,81%) Seine-et-Marne (77)
69%
11 967 (8,18%) Pas-de-Calais (62)
63%
13 999 (8,72%) Hauts-de-Seine (92)
62%
12 010 11,11(%) Alpes-Maritimes (06)
56%
10 267 (8,22%) Seine-Maritime (76)
43%
4 700 (8,25%) Somme (80)
34%
4 453 (7,95%) Marne (51)
25%
Aucun quiz correspondant
Distribution des résultats
% des personnes avec chaque résultat
Percentile par nombre de réponses
Votre historique - résultats
Vous n’avez pas pris ce quiz